| 000 | 01589nam a2200349 4500 | ||
|---|---|---|---|
| 001 | 121 | ||
| 003 | OSt | ||
| 005 | 20250528074012.0 | ||
| 008 | 250128b |||||||g |||| 00| 1 eng d | ||
| 040 | _bpor | ||
| 041 |
_heng _apor |
||
| 082 |
_a823 _bC555g |
||
| 100 | 1 |
_aChristie, Agatha, _d1890-1976 _9268 |
|
| 240 | _aCat among the pigeons | ||
| 245 |
_aUm gato entre os pombos / _cChristie, Agatha ; Tradução de Eliane Fontenelle |
||
| 260 |
_aRio de Janeiro _bRecord _c1987 |
||
| 300 | _a251 p. | ||
| 490 | 1 | _aDetetive Hercule Poirot | |
| 520 | _aUm colégio altamente sofisticado na Inglaterra, só para moças - Colégio Meadowbank. O misterioso ambiente do interior das Ilhas Britânicas. E "um gato entre os pombos". No pavilhão de esportes do colégio praticam-se, além de esportes, é claro, também assassinatos... Como ligar fatos aparentemente tão desconexos e percorrer o longo caminho de sangue e espionagem que tem início longe, em Romat, no Oriente Médio, e vai até a Europa? Só o gênio criador de Agatha Christie é capaz de deslindar esse segredo. Juntamente com Hercule Poirot, ela mantém o leitor num suspense jamais igualado na literatura policial. | ||
| 650 | 0 |
_aLiteratura Inglesa _989 |
|
| 650 | 0 |
_aRomance Policial _911 |
|
| 650 | 0 |
_aSuspense _910 |
|
| 650 | 0 |
_aMistério _942 |
|
| 650 | 0 |
_aCrime e Investigação _913 |
|
| 650 | 0 |
_aClássicos _977 |
|
| 650 | 0 |
_aFilme _926 |
|
| 655 | 0 |
_aRomance _923 |
|
| 655 | 0 |
_aFicção _922 |
|
| 700 |
_aEliane Fontenelle _eTradutor _9270 |
||
| 830 |
_aDetetive Hercule Poirot _9271 |
||
| 942 |
_2ddc _n0 _cBK |
||
| 999 |
_c121 _d121 |
||